| 000 | 01529ncm0a2200349 4500 | ||
|---|---|---|---|
| 001 | RU\NLR\ONIZ\215086 | ||
| 005 | 20250626034900.0 | ||
| 010 | _a978-5-7379-0611-5 | ||
| 035 | _a(NLR Aleph) 011273653 | ||
| 071 | 2 | 0 | _aс 2399 к |
| 090 |
_a10832547 _c10832547 |
||
| 100 | _a20161017d2012 |||y0rusy50 ca | ||
| 101 | 0 | _arus | |
| 102 | _aRU | ||
| 125 | _aab | ||
| 200 | 1 |
_aКолыбельная Оле Лукойе _bНоты _aСтойкий оловянный солдатик _e[оба произв.] для анс. скрипачей и фп. _fЖ. Металлиди |
|
| 210 |
_aСанкт-Петербург _cКомпозитор-Санкт-Петербург _d2012 |
||
| 215 |
_a11 с., 3 парт. (3 л.) _cил. _d30 см |
||
| 225 | 1 | _aСкрипичная миниатюра | |
| 464 | 0 |
_12001#$aСтойкий оловянный солдатик _1215##$aС.7-11 _tСтойкий оловянный солдатик |
|
| 606 | 1 |
_aПьесы для ансамбля скрипачей (для детей) _jНоты _2nlr_sh |
|
| 686 |
_aЩ952.54-42-058.9(2Р)я44 _vLBC/SL _2rubbk |
||
| 700 | 1 |
_9z01790 _aМеталлиди _bЖ. Л. _f1934 - _gЖаннэта (Жанна) Лазаревна _4230 _7ca |
|
| 790 | 1 |
_9z01700 _aMetallidi _bŽ. (. L. _f1934 - _gŽanneta (Žanna) Lazarevna _4230 _7ba |
|
| 801 | 0 |
_aRU _bNLR _c20161017 _gPSBO |
|
| 801 | 1 |
_aRU _bNLR _c20161017 _2rusmarc |
|
| 801 | 2 |
_aRU _bNLR _c20161122 |
|
| 852 |
_aNLR _bМ _jК-3/27909 _p258092 _t1 |
||
| 942 | _cSCORE | ||
| 980 | _aNB | ||
| 980 | _aONIZ | ||